A TEXT BOOK OF PHARMACOLOGY (Record no. 6008)

MARC details
000 -LEADER
fixed length control field 00413nam a22001697a 4500
005 - DATE AND TIME OF LATEST TRANSACTION
control field 20230117123125.0
008 - FIXED-LENGTH DATA ELEMENTS--GENERAL INFORMATION
fixed length control field 190918b xxu||||| |||| 00| 0 eng d
020 ## - INTERNATIONAL STANDARD BOOK NUMBER
ISBN 81-256-70-64-7
041 ## - LANGUAGE CODE
Language code of text/sound track or separate title eng
082 ## - DEWEY DECIMAL CLASSIFICATION NUMBER
Classification number 615.1
Item number SUR-T
100 ## - MAIN ENTRY--AUTHOR NAME
Personal name SURESH, DR. B.
245 ## - TITLE STATEMENT
Title A TEXT BOOK OF PHARMACOLOGY
260 ## - PUBLICATION, DISTRIBUTION, ETC. (IMPRINT)
Place of publication DELHI
Name of publisher BIRLA PUBLICATION
300 ## - PHYSICAL DESCRIPTION
Number of Pages 264p,
650 ## - SUBJECT ADDED ENTRY--TOPICAL TERM
Topical Term PHARMACY
General subdivision D.PHARMA
942 ## - ADDED ENTRY ELEMENTS (KOHA)
Koha item type Books
Holdings
Lost status Damaged status Collection code Home library Current library Shelving location Date acquired Source of acquisition Cost, normal purchase price Full call number Accession Number Koha item type
    PHARMACY JRU Library JRU Library Shelf - 21- C 18/09/2019 PURCHESS 250.00 615.1 23567 Books
    PHARMACY JRU Library JRU Library Shelf - 21- C 18/09/2019 PURCHESS 250.00 615.1 23568 Books
    PHARMACY JRU Library JRU Library Shelf - 21- C 18/09/2019 PURCHESS 250.00 615.1 23569 Books
    PHARMACY JRU Library JRU Library Shelf - 21- C 18/09/2019 PURCHESS 250.00 615.1 23570 Books
    PHARMACY JRU Library JRU Library Shelf - 21- C 25/02/2022 PURCHASE 250.00 615.1 26681 Books
    PHARMACY JRU Library JRU Library Shelf - 21- C 25/02/2022 PURCHASE 250.00 615.1 26682 Books
    Bachelor of Medical Laboratory Technology JRU Library JRU Library Shelf - 21- C 25/02/2022 PURCHASE 250.00 615.1 26683 Books
    Bachelor of Medical Laboratory Technology JRU Library JRU Library Shelf - 21- C 25/02/2022 PURCHASE 250.00 615.1 26684 Books
    PHARMACY JRU Library JRU Library Shelf - 21- C 25/02/2022 PURCHASE 250.00 615.1 26685 Books